| 000 | 00483nam a22001817a 4500 | ||
|---|---|---|---|
| 005 | 20250103114333.0 | ||
| 006 | a|||||r|||| 00| 0 | ||
| 007 | c| aa aaaaa | ||
| 008 | 250103b1959 gw ||||| |||| 00| 0 eng d | ||
| 022 | _a0029-5035 (print) | ||
| 022 | _a2363-7188 (online) | ||
| 040 | _aAR-EsCIE | ||
| 245 | 1 | 0 | _aNova hedwigia |
| 260 | _bSchweizerbart Science publishers | ||
| 856 | _uhttps://www.schweizerbart.de/journals/nova_hedwigia | ||
| 910 | _aPG20250103 | ||
| 942 |
_2ddc _cCF _n0 |
||
| 999 |
_c151 _d151 |
||